[Event "Titled Tuesday intern op 05th Apr Early"]
[Site "Chess.com INT"]
[Date "2022.04.05"]
[Round "4"]
[White "Iljin, Timofey"]
[Black "Sahil, Tickoo"]
[Result "1/2-1/2"]
[WhiteElo "2318"]
[BlackElo "2201"]
[PlyCount "144"]
[EventDate "2022.04.05"]
[EventType "swiss (blitz)"]
[EventRounds "11"]
[EventCountry "USA"]
[SourceTitle "CBM 207 Extra"]
[Source "ChessBase"]
[SourceDate "2022.05.31"]
[SourceVersion "1"]
[SourceVersionDate "2022.05.31"]
[SourceQuality "1"]

1. e4 c5 2. c3 d5 3. exd5 Nf6 4. d4 Nxd5 5. Nf3 e6 6. Bd3 cxd4 7. cxd4 Bb4+ 8. Bd2 Bxd2+ 9. Qxd2 Nc6 10. 0-0 0-0 11. Nc3 Nce7 12. Ne4 Ng6 13. Neg5 b6 14. Rfe1 Bb7 15. Ne5 Ndf4 16. Nxg6 Nxg6 17. Bxg6 hxg6 18. Qf4 Qd5 19. Qg4 Rfe8 20. Re5 Qxg2+ 21. Qxg2 Bxg2 22. Kxg2 f6 23. Rxe6 fxg5 24. Rxg6 Rad8 25. Rd1 Re4 26. Rxg5 Rexd4 27. Rxd4 Rxd4 28. Re5 Rd2 29. Re8+ Kh7 30. Re7 Rxb2 31. Rxa7 b5 32. Kf3 b4 33. Kg3 b3 34. axb3 Rxb3+ 35. f3 Kh6 36. h4 g6 37. Ra8 Rb1 38. Kg4 Rg1+ 39. Kf4 Rh1 40. Ke5 Kg7 41. Ra7+ Kh6 42. Ra4 Rc1 43. Kf4 Rc5 44. Kg4 Rd5 45. Ra6 Rc5 46. f4 Rf5 47. Ra8 Rc5 48. Rf8 Rc1 49. Rd8 Rg1+ 50. Kf3 Rf1+ 51. Ke4 Re1+ 52. Kf3 Rf1+ 53. Kg3 Rg1+ 54. Kf2 Rb1 55. Rd6 Rb2+ 56. Kg3 Kg7 57. Kg4 Rg2+ 58. Kf3 Rb2 59. f5 gxf5 60. Kf4 Rb4+ 61. Kg5 Rg4+ 62. Kh5 Rg1 63. Rd7+ Kf6 64. Kh6 Ke5 65. h5 f4 66. Re7+ Kd4 67. Kh7 f3 68. h6 f2 69. Rf7 f1Q 70. Rxf1 Rxf1 71. Kh8 Rg1 72. h7 Ke5 1/2-1/2

[Event "Titled Tuesday intern op 05th Apr Early"]
[Site "Chess.com INT"]
[Date "2022.04.05"]
[Round "7"]
[White "Sahil, Tickoo"]
[Black "Girinath, PDS"]
[Result "0-1"]
[WhiteElo "2201"]
[BlackElo "2361"]
[PlyCount "106"]
[EventDate "2022.04.05"]
[EventType "swiss (blitz)"]
[EventRounds "11"]
[EventCountry "USA"]
[SourceTitle "CBM 207 Extra"]
[Source "ChessBase"]
[SourceDate "2022.05.31"]
[SourceVersion "1"]
[SourceVersionDate "2022.05.31"]
[SourceQuality "1"]

1. d4 Nf6 2. Bf4 g6 3. e3 Bg7 4. h4 d6 5. Bd3 h6 6. Nf3 Nc6 7. c3 Bg4 8. Bh2 0-0 9. Be2 Re8 10. Nbd2 e5 11. dxe5 dxe5 12. Nc4 e4 13. Qxd8 Raxd8 14. Nd4 Nxd4 15. cxd4 Bxe2 16. Kxe2 Nd5 17. Be5 Bxe5 18. Nxe5 c5 19. Rhd1 cxd4 20. exd4 Nf4+ 21. Kf1 f6 22. Nc4 Nd3 23. f3 Rxd4 24. fxe4 Rexe4 25. Nd2 Rxh4 26. Nf3 Rh1+ 27. Ke2 Nf4+ 28. Ke3 Rhxd1 29. Rxd1 Rxd1 30. Kxf4 Rb1 31. b3 Rb2 32. g4 Rxa2 33. Nd4 Rb2 34. Ke4 Kf7 35. Kd3 h5 36. Kc3 Rg2 37. gxh5 gxh5 38. Nb5 h4 39. Nd6+ Kg6 40. Nxb7 h3 41. Nc5 h2 42. Ne6 h1Q 43. Nf4+ Kf5 44. Nxg2 Qxg2 45. Kb4 Qe4+ 46. Ka3 Qb7 47. b4 Qb6 48. Ka4 Ke4 49. b5 Kd4 50. Kb4 f5 51. Ka3 Qxb5 52. Ka2 Kc3 53. Ka1 Qb2# 0-1

[Event "Titled Tuesday intern op 05th Apr Early"]
[Site "Chess.com INT"]
[Date "2022.04.05"]
[Round "2"]
[White "Sahil, Tickoo"]
[Black "Sai Agni, Jeevitesh J"]
[Result "1-0"]
[WhiteElo "2201"]
[BlackElo "2280"]
[PlyCount "129"]
[EventDate "2022.04.05"]
[EventType "swiss (blitz)"]
[EventRounds "11"]
[EventCountry "USA"]
[SourceTitle "CBM 207 Extra"]
[Source "ChessBase"]
[SourceDate "2022.05.31"]
[SourceVersion "1"]
[SourceVersionDate "2022.05.31"]
[SourceQuality "1"]

1. d4 g6 2. e4 Bg7 3. Nf3 d6 4. Nc3 Nf6 5. Be2 a6 6. a4 c6 7. 0-0 0-0 8. Re1 Bg4 9. h3 Bxf3 10. Bxf3 Nbd7 11. e5 Ne8 12. e6 fxe6 13. Bg4 Nc7 14. Bxe6+ Nxe6 15. Rxe6 Rf6 16. Rxf6 exf6 17. Bf4 d5 18. Qd2 Qb6 19. b3 Re8 20. a5 Qb4 21. Ra4 Qe7 22. Ra1 g5 23. Be3 h6 24. Na4 f5 25. Qd3 f4 26. Bd2 Qe2 27. Qc3 Re4 28. Re1 Qb5 29. Rxe4 dxe4 30. Bc1 Qe2 31. Bb2 e3 32. fxe3 fxe3 33. Qc4+ Qxc4 34. bxc4 c5 35. c3 Kf7 36. Kf1 Ke6 37. Ke2 cxd4 38. cxd4 Kf5 39. Kxe3 h5 40. Kf3 g4+ 41. hxg4+ hxg4+ 42. Ke3 Bh6+ 43. Kd3 Bf4 44. d5 Bc7 45. Bc3 Kf4 46. Be1 Ne5+ 47. Kd4 Nd7 48. c5 Be5+ 49. Kc4 Ke4 50. c6 bxc6 51. dxc6 Nf6 52. Kc5 Nd5 53. Nb6 Bd4+ 54. Kd6 Nxb6 55. axb6 Bxb6 56. c7 Bxc7+ 57. Kxc7 Ke3 58. Kb6 Ke2 59. Bh4 Kf1 60. g3 a5 61. Kxa5 Kg2 62. Kb5 Kf3 63. Kc5 Ke4 64. Kc4 Kf3 65. Kd5 1-0

[Event "Titled Tuesday intern op 29th Mar Early"]
[Site "Chess.com INT"]
[Date "2022.03.29"]
[Round "3"]
[White "Estrada Nieto, Julian"]
[Black "Sahil, Tickoo"]
[Result "1-0"]
[WhiteElo "2261"]
[BlackElo "2201"]
[PlyCount "99"]
[EventDate "2022.03.29"]
[EventType "swiss (blitz)"]
[EventRounds "11"]
[EventCountry "USA"]
[SourceTitle "CBM 207 Extra"]
[Source "ChessBase"]
[SourceDate "2022.05.31"]
[SourceVersion "1"]
[SourceVersionDate "2022.05.31"]
[SourceQuality "1"]

1. e4 c5 2. Nf3 d6 3. Bb5+ Bd7 4. Bxd7+ Nxd7 5. 0-0 Ngf6 6. Re1 e6 7. c3 Be7 8. d4 cxd4 9. cxd4 d5 10. e5 Ne4 11. Nbd2 Nxd2 12. Bxd2 0-0 13. Rc1 Rc8 14. Qa4 a6 15. Rxc8 Qxc8 16. Rc1 Qd8 17. Ba5 b6 18. Bb4 Bxb4 19. Qxb4 Nb8 20. h4 h6 21. Qc3 b5 22. Qc7 Qe8 23. Qd6 Qd8 24. Qxd8 Rxd8 25. Rc7 Kf8 26. Kf1 Ke8 27. Ke2 Rd7 28. Rc8+ Rd8 29. Rc2 Kd7 30. Nd2 Rc8 31. Rxc8 Kxc8 32. Nb3 Nd7 33. g4 g6 34. f4 Kc7 35. Kd3 Kb6 36. Nd2 a5 37. Nf1 Kc6 38. Ne3 Nb6 39. b3 a4 40. f5 gxf5 41. gxf5 h5 42. f6 axb3 43. axb3 Kd7 44. Ng2 Na8 45. Nf4 Ke8 46. Nxh5 Kf8 47. Ng7 Kg8 48. Kc3 Nc7 49. h5 Na6 50. Ne8 1-0